Nuevos afloramientos del paleozoico en la provincia de Buenos Aires. /
Guardado en:
| Autor Principal: | |
|---|---|
| Formato: | Libro |
| Idioma: | Spanish |
| Publicado: |
La Plata :
Universidad Nacional. Facultad de Ciencias Naturales y Museo,
1965.
|
| Etiquetas: |
Agregar Etiqueta
Sin Etiquetas, Sea el primero en etiquetar este registro!
|
| LEADER | 00531nam a22001455a 4500 | ||
|---|---|---|---|
| 001 | EUN.um024005 | ||
| 003 | AR-BaUNS | ||
| 005 | 20050623122902.0 | ||
| 008 | 041125s1965####ag#a##########000#0#spa#d | ||
| 245 | 1 | 0 | |a Nuevos afloramientos del paleozoico en la provincia de Buenos Aires. / |c Guillermo Furque. |
| 260 | |a La Plata : |b Universidad Nacional. Facultad de Ciencias Naturales y Museo, |c 1965. | ||
| 300 | |a 8 p. : |b ilus. ; |c 24 cm. | ||
| 100 | 1 | |a Furque, Guillermo. | |
| 082 | 0 | 4 | |a 560.172 |
| 859 | |a Ar-BaUNS |b BIB. CENTRAL - Sector C |h 560.172 |i F982 |p D687/966 | ||
